000 00443nam a2200145Ia 4500
008 231129s2014||||xx |||||||||||||| ||spa||
020 _a978-958-722-171-8
040 _bspa
082 _a620.1127 T693c
100 _aTorres Charry Giovanni
245 0 _aCaracterización fí­sica y mecánica de las hojas de Aloe vera
260 _c2014
264 _aUniversidad Tecnológica de Pereira
942 _2ddc
_cBKS
999 _c6634
_d6634